[Event "Hastings Masters op 84th"]
[Site "Hastings"]
[Date "2008.12.28"]
[Round "1"]
[White "Berg, Emanuel"]
[Black "Eames, Robert"]
[Result "1-0"]
[WhiteElo "2623"]
[BlackElo "2329"]
[Annotator "Berg,E"]
[PlyCount "105"]
[EventDate "2008.12.28"]
[EventType "swiss"]
[EventRounds "9"]
[EventCountry "ENG"]
[SourceTitle "CBM 128"]
[Source "ChessBase"]
[SourceDate "2009.01.28"]
[SourceVersion "1"]
[SourceVersionDate "2009.01.28"]
[SourceQuality "1"]

1. e4 c5 2. Nf3 Nc6 3. d4 cxd4 4. Nxd4 Nf6 5. Nc3 e5 6. Ndb5 d6 7. Bg5 a6 8.
Na3 b5 9. Nd5 Be7 10. Bxf6 Bxf6 11. c4 b4 12. Nc2 a5 13. Be2 ({Earlier I have
tried the move} 13. g3 {which has got the same strategic idea. White's next
move will be h4 and then Bh3 to challenge the black bishop on c8. An exchange
of those bishop is the dream for White which will give him full controll of
the d5-square for the rest of the game.}) 13... O-O 14. Bg4 Be6 15. Qf3 {
White puts more pressure on the black position and might continue with Qh3
later on in some variations in order to force an exchange of the light squared
bishops.} Bg5 $146 {Black likes to avoid getting a double pawn on the f-file.}
(15... a4 $5 {has been tried before in 2001, but only once and not with very
strong players. However this move is not bad at all. It puts White under
immidiate pressure and having a double pawn on the f-file is not such terrible.
Black now threatens ...b3 to get the d4 square for his knight. The game
continued} 16. O-O Rb8 17. b3 {with an interesting position.}) 16. Rd1 $5 {
During the game I felt that I had to act quickly before Black consolidates
with ...Rb8 and ...Qd7, but my opponents strong reply came as a surprise to me.
I think White had done better playing} (16. O-O {in order to get the king into
safety first. Another important fact is that the rook on a1 plays an important
role in case of a quick ...a4, ...b3 break from Black.}) 16... a4 $1 {Black
makes use of the temporarily bad placement of the white pieces before White
manages to get in control.} 17. Ndxb4 {This is a very risky continuation for
White. However there is no other way for White to prevent the ...b3-break.}
Nxb4 18. Nxb4 a3 $2 {This move looks logical, but it actually makes things
more simple for White. I was much more concerned about} (18... Qa5 19. a3 Bxc4
20. Qc3 Qb5 {when Black is in perfect control with his strong bishop pair.
White is strugling to castle and his backward pawn on b2 might be another
problem later on.}) 19. bxa3 Bxc4 20. Qc3 Bb5 (20... Qc7 {is well met by} 21.
h4 Bh6 22. Nd3 {and then White is ready to castle.}) 21. Be2 Bxe2 22. Kxe2 {
It might seem like Black have succeded by splitting the pawnstructure for
White on the queenside and getting the king stuck in the centre. However it is
rather White that is benefiting from this as now he has finally managed to
exchange the light squared Bishops giving him full control over the d5 square
which will be a perfect place for the knight later on. The only thing that
speaks in Black's favour is the temporarily bad placement of the white king
and so he must act quickly in order to try to make use of this.} Qd7 ({I was
expecting Black to play} 22... Qa5 {with the idea to exchange d6 agianst a3
and Black does have drawing chances.} 23. Rxd6) 23. h4 {This move forces Black
to take an important decision about where he would like to place his bishop.}
Bh6 ({After the intermidiate move} 23... Rfc8 {White should continue} 24. Qd3 (
{My original intension to play} 24. Qh3 {to force a queen exchange fails after}
Qb5+ 25. Qd3 Rc4 $1 {with a very strong initiative for Black. White is in big
trouble and has to give up material. The main point is} 26. hxg5 (26. Kf3 {
is not much better after} Qc5 $1 {threatening ...Rc3 which White has no good
defence against.}) 26... Rxa3 {winning the queen.})) 24. f3 {White takes
control over the g4-square to prevent the queen check. This move also clears
the square f2 for the white king. White is aiming for to play g3 and then hide
his king on g2. in the next few moves White gradually consolidates his
position and it seems hard for Black to create any real counterplay.} Rfc8 25.
Qb3 Qb5+ 26. Rd3 Rc4 27. Rhd1 Rac8 28. Kf2 $1 {Going out of the pin and
threatening to play g3 followed by Kg2 which would bring the king into safety.}
Qb6+ 29. Kf1 Rc1 {Black's position now looks rather active, but he doeesnt 't
have threats. White is slowly taking over.} 30. Nd5 Qd8 31. Rxc1 {A practical
decision in the begining of the time trouble. However this seems to give Black
good counterplay when acting in the correct way. Better was} (31. g3 $1 {
protecting the h4 pawn first before going into action.}) 31... Rxc1+ 32. Rd1
Rc8 $2 {Black decides to keep the rook in hope to disturb the white king later
on. However this is just helping White who know keeps a clear plus and has an
easy game. Much better was} (32... Rxd1+ 33. Qxd1 Qxh4 {and Black has good
counterplay with chances to get perpetual checks. During the game I had
assessed the position as clearly better after} 34. Qb3 {when White is both
threatening mate and to push the a-pawn. However things are not that simple
after} g6 {threatening ...Qh1+.} 35. Qb8+ (35. a4 $2 {is a mistake in view of}
Qh1+ 36. Kf2 Bd2 $1 {and suddenly the white king is in trouble} 37. g4 Qe1+ 38.
Kg2 Qe2+ 39. Kg1 Kg7 $17) 35... Kg7 36. Qxd6 Qh1+ 37. Kf2 Qh4+ 38. Ke2 Qg5 {
Now Black is threatening perpetual checks with ...Qd2+ so White's only winning
atempt is to continue with} 39. Kd3 $5 Qd2+ 40. Kc4 Qxa2+ 41. Kb5 {The
position is objectively about equal, but Black still has to prove this with
some accurate defence not allowing White to push the a-pawn forward.}) 33. g3
g5 {This is a clear sign of desperation from Black. White was threatening to
consolidate with Kg2 followed by a rook transfer to the second rank after
which there are no worries left.} 34. h5 $1 {Closing the position and
thretening g4 to destroy the black bishop on h6 completely.} g4 $8 {The only
sensible move for Black, but it does not really crate any real counterplay for
him.} 35. fxg4 Bg5 (35... Qg5 {is easy met by} 36. Kg2 {followed by Kh3 and
the white king is in safety.}) 36. Kg2 Rc5 37. Rf1 Qa8 38. Kh3 {Having
calculated the line 38.Ne7+ for a few minutes I suddenly got short of time and
decided to do a safe move in order to complete the time control.} (38. Rxf7 $1
$18 {is an easy win and also}) (38. Ne7+ {wins after} Kh8 ({or} 38... Bxe7 39.
Qxf7+ Kh8 40. Qxe7 Qxe4+ 41. Kh3 $18) 39. Qxf7 $18 {which was what I
calculated. However I didn't see a stright forward win after} Rc7 {but either
Ng6+ or Qf8+ is quite enough to win the game.}) 38... Qa7 39. a4 {Another safe
move. I was also considering} (39. Rf5 h6 40. Rxg5+ hxg5 41. Qe3 $16 {which
should be winning comfortable as well, but short of time I decided to play
simple.}) 39... Kg7 40. Qf3 Rc2 41. Qf5 h6 42. Nf6 Bxf6 43. Qxf6+ Kg8 44. g5
Qd7+ 45. Rf5 Qe6 46. Qxe6 fxe6 47. Rf6 hxg5 48. Rxe6 Rxa2 49. Kg4 Rxa4 50. Kf5
$1 {Black has managed to reach a rook endgame with equal material for the
moment, but the truth is that all his pawns are weak and he will soon loose at
least two of them.} Ra3 (50... Rd4 51. Kg6 $1 Kf8 52. h6 $18) 51. g4 Rf3+ (
51... Kf7 52. Rxd6 Rf3+ 53. Kxg5 Rf4 54. h6 Rxe4 55. h7 Kg7 56. Rd7+ Kh8 57.
Kh6 Rd4 58. Rxd4 exd4 59. g5 d3 60. g6 d2 61. g7#) 52. Kg6 d5 53. exd5 (53.
Re8+ Rf8 54. Rxf8+ Kxf8 55. h6 Kg8 56. h7+ Kh8 57. exd5 e4 58. d6 e3 59. d7 e2
60. d8=R#) 1-0

[Event "Athens m"]
[Site "Athens"]
[Date "1991.??.??"]
[Round "1"]
[White "Nunn, John DM"]
[Black "Grivas, Efstratios"]
[Result "1-0"]
[WhiteElo "2600"]
[BlackElo "2425"]
[Annotator "Blatny,P"]
[PlyCount "81"]
[EventDate "1991.05.??"]
[EventType "match"]
[EventRounds "4"]
[EventCountry "GRE"]
[SourceTitle "CBM 024"]
[Source "ChessBase"]
[SourceDate "1991.10.01"]
[SourceVersion "1"]
[SourceVersionDate "1991.10.01"]
[SourceQuality "1"]

1. e4 c5 2. Nf3 Nc6 3. d4 cxd4 4. Nxd4 Qb6 5. Nb3 Nf6 6. Nc3 e6 7. Bd3 (7. a3
d6 8. Be3 Qc7 9. f4 a6 10. Bd3 b5 11. Qf3 Rb8 12. O-O $14) 7... Be7 8. Be3 (8.
O-O a6 9. Kh1 Qc7 10. f4 d6 11. Qf3 O-O 12. Bd2 b5 13. Rae1 Bb7 14. Qh3 Rad8
15. a4 b4 16. Nd1 $14 {Lobron-Gufeld, Dortmund 1983}) 8... Qc7 9. f4 d6 10. O-O
(10. Qf3 O-O 11. g4 Nb4 (11... Re8 $2 12. g5 Nd7 13. h4 Nb4 14. h5 Bf8 15.
O-O-O $40) 12. g5 Nd7 13. h4 b5 $1 $132) 10... a6 (10... O-O 11. g4 d5 $1 12.
e5 Nd7 13. Qf3 a6 14. Rae1 b5 15. Qh3 g6 16. Rf3 f6 17. Qh6 $14 {Geller-Gufeld,
USSR 1969}) 11. Qf3 O-O (11... Bd7 12. Na4 O-O 13. Nb6 Rad8 $10 {Kostro-Gufeld,
Tbilisi 1969}) 12. Rae1 b5 13. g4 (13. Bf2 Bb7 14. a4 b4 15. Nd1 e5 $10) 13...
Bb7 14. g5 Nd7 15. Qh5 $14 Nb4 16. Rf3 $1 Nxd3 (16... g6 17. Qh6 f5 18. exf5
exf5 19. Rh3 Rf7 20. Bd4 Nf8 (20... Qc6 21. Qxg6+ $1 Kf8 22. Bf1 {/\23.Qh1 Kf2}
) 21. Bxf5 $1 $16 {Chandler-Gufeld, Dortmund 1983}) 17. cxd3 Rfe8 18. Ref1 g6
19. Qh6 Bf8 20. Qh4 Bg7 21. Rh3 h5 22. gxh6 Bf6 23. h7+ Kh8 24. Bd4 Bxd4+ 25.
Nxd4 Qb6 26. Nce2 Rac8 27. Qh6 Nf6 28. Qg5 Nd7 29. Kh1 Qd8 30. Qh6 Qf6 31. Kg1
Qg7 32. Qh4 e5 33. Nf3 d5 34. d4 Rc2 35. fxe5 Rxe2 36. Ng5 f6 (36... Rf8 37.
Rhf3 $40 dxe4 38. Nxf7+ Rxf7 39. Rxf7 e3 40. Qd8+ Nf8 41. Rxf8+ Kxh7 42. Qh4+
$18) 37. exf6 Nxf6 38. e5 Nh5 39. Rf7 Qh6 40. Rxb7 Rf8 41. Nf7+ 1-0

[Event "Hoogovens"]
[Site "Wijk aan Zee"]
[Date "1992.01.??"]
[Round "9"]
[White "Romero Holmes, Alfonso"]
[Black "Salov, Valery"]
[Result "0-1"]
[WhiteElo "2490"]
[BlackElo "2655"]
[Annotator "Blatny,P"]
[PlyCount "76"]
[EventDate "1992.01.??"]
[EventType "tourn"]
[EventRounds "13"]
[EventCountry "NED"]
[EventCategory "14"]
[SourceTitle "CBM 028"]
[Source "ChessBase"]
[SourceDate "1992.06.01"]
[SourceVersion "1"]
[SourceVersionDate "1992.06.01"]
[SourceQuality "1"]

1. e4 c5 2. Nf3 Nc6 3. Nc3 e6 4. d4 cxd4 5. Nxd4 Nf6 6. Ndb5 d6 7. Bf4 e5 8.
Bg5 a6 9. Na3 b5 10. Bxf6 gxf6 11. Nd5 f5 12. g3 $5 fxe4 13. Bg2 Be6 14. Bxe4
Bg7 15. Qh5 Rc8 16. c3 (16. O-O Ne7 $1 17. Rad1 Rc5 $1 18. Ne3 (18. Nb4 $1 Qb6
19. Qg5 Kf8 20. Qe3 h5 $1 {ECO} (20... f5 21. Bg2 e4 22. c3 Kf7 23. Rfe1 Ng6
24. Nd3 Rc6 25. Qe2 a5 26. g4 $1 {-> Lanka-Efimov,USSR 1977}) 21. Nxa6 Bh6 22.
Rxd6 Qxd6 23. Qxc5 Qxa6 24. Nxb5 Bg7 {Fedorov-Kamenec, USSR 1978}) 18... d5 19.
b4 Rc3 20. Nb1 Rxe3 21. fxe3 Qb6 $1 $44) 16... Ne7 17. Rd1 Rc5 (17... Nxd5 18.
Bxd5 Qd7 {Tischbierek-Chekhov, Warsaw 1990,Rogers-Ardinsyah Thessaloniki(ol)
1988, Zapata-Jakovich, Sanat Clara 1990}) 18. Nb4 Qb6 19. Qg5 $1 Kf8 20. Qe3 $1
{/\21.Na6 Qa6 22.Qc5 dc 23.Rd8#} h5 $5 (20... f5 21. Bg2 e4 22. Nac2 Kf7 23.
Nd4 Bc4 24. b3 a5 25. bxc4 axb4 26. O-O bxc3 27. Nxb5 Rxb5 28. cxb5 Qxe3 29.
fxe3 Ke6 {Feher-Zila, Budapest Spring(op) 1990}) 21. Nd3 (21. Nxa6 $2 Bh6 $1
22. Rxd6 Qxd6 23. Qxc5 Qd2+ 24. Kf1 Bh3+ 25. Bg2 Qd1#) (21. O-O Bh6 (21... h4
$5) 22. Qf3 Kg7 23. Nd5 $1 Nxd5 24. Bxd5 Bxd5 25. Rxd5 Qb7 26. Rfd1 Rhc8 27.
Nc2 Rxd5 28. Qxd5 Qxd5 29. Rxd5 Bc1 30. Rxd6 Bxb2 31. Rxa6 Bxc3 32. Ne3 {
+/= _|_}) 21... Rc6 (21... Bh6 22. f4 exf4 23. gxf4 Rc6 24. Nc2 Qxe3+ 25. Nxe3)
22. Bxc6 Qxc6 23. f3 Bh6 24. Qf2 a5 (24... Bxa2 $4 25. Nb4 $18) 25. O-O h4 26.
g4 Nd5 (26... Bxa2 27. Qa7) (26... h3 27. Nxe5 $1 dxe5 28. Rd8+ Kg7 29. Rxh8
Kxh8 30. Qh4 Ng8 31. g5 Qb6+ $1 32. Kh1 Qd8 33. Rg1 Qd3 $1) 27. Nc2 h3 28. Nc1
$2 {/\Ne2-g3 ><f5,><e4} (28. Qe2 $142) 28... Bg5 $1 {/\Bd8-b6!!} 29. Ne2 Bd8
30. Kh1 Bb6 31. Qg3 b4 {-><<} 32. Ncd4 {T} exd4 33. Nxd4 Bxd4 34. Rxd4 (34.
cxd4 Ne3 35. Rc1 Nxf1 $19) 34... bxc3 35. bxc3 Ke7 36. g5 $2 {><f5} Ne3 37. Rf2
Nf5 38. Qf4 Rh4 0-1

[Event "Sydney Mercantile"]
[Site "Sydney"]
[Date "1991.??.??"]
[Round "7"]
[White "Solomon, Stephen J"]
[Black "Antonio, Rogelio Jr"]
[Result "0-1"]
[WhiteElo "2420"]
[BlackElo "2490"]
[Annotator "Blatny,P"]
[PlyCount "108"]
[EventDate "1991.04.??"]
[EventType "tourn"]
[EventRounds "9"]
[EventCountry "AUS"]
[EventCategory "10"]
[SourceTitle "CBM 023"]
[Source "ChessBase"]
[SourceDate "1991.08.01"]
[SourceVersion "1"]
[SourceVersionDate "1991.08.01"]
[SourceQuality "1"]

1. e4 c5 2. Nf3 Nc6 3. d4 cxd4 4. Nxd4 Nf6 5. Nc3 e5 6. Ndb5 d6 7. Bg5 a6 8.
Na3 b5 9. Bxf6 gxf6 10. Nd5 f5 11. Bd3 Be6 12. Qh5 Bg7 13. O-O f4 14. c4 b4 $5
(14... bxc4 $142 15. Bxc4 O-O 16. Rac1 Rb8 17. b3 Qd7 $1 18. Rfd1 Kh8 19. Qh4
Bxd5 20. Rxd5 Nb4 $1 21. Rd2 f5 22. exf5 d5 {Dvoiris-Gorelov,USSR 1984}) 15.
Nc2 Rb8 16. g3 (16. Rfd1 h6 17. Be2 O-O 18. c5 $1 $14 {
Gaprindashvili-Ciburdanidze,Picunda 1978}) 16... Qd7 17. b3 (17. Qg5 $6 Kf8 18.
Be2 h5 19. gxf4 Bh3 $1 20. f5 Bh6 21. Qg3 Rg8 $1 22. Qxg8+ Kxg8 23. Bg4 (23.
Nf6+ Kh8 24. Nxd7 Rg8+ $19) 23... Qd8 24. Bxh3 Qh4 $17 {Kengis-Gaidarov,Riga
1979}) 17... h6 18. f3 Qd8 19. Rfd1 a5 20. Bf1 O-O 21. Bh3 Qd7 22. Bf5 Ne7 23.
g4 Nxd5 24. exd5 Bxf5 25. gxf5 Kh7 26. Kh1 Bf6 27. Rg1 Rg8 28. Rxg8 Rxg8 29.
Rg1 Rg5 30. Rxg5 Bxg5 31. h4 Bd8 32. Kg2 Qe7 33. Ne1 Qf6 34. Nd3 Bb6 35. Qg4
Be3 36. h5 Kh8 37. Kh3 Kh7 38. Kg2 Qe7 39. Kf1 Ba7 40. Nf2 Bxf2 41. Kxf2 Qf6
42. Ke2 Kh8 43. Kd2 Kh7 44. Ke2 a4 45. bxa4 e4 46. Qxf4 Qb2+ 47. Kf1 Qb1+ 48.
Kf2 Qxa2+ 49. Kg3 exf3 50. Kxf3 b3 51. Qxd6 b2 52. Qc7 Qb3+ 53. Kg4 Qd1+ 54.
Kf4 Qd4+ 0-1

[Event "Leon"]
[Site "Leon"]
[Date "1992.??.??"]
[Round "5"]
[White "Magem Badals, Jordi"]
[Black "Sion Castro, Marcelino"]
[Result "1-0"]
[WhiteElo "2515"]
[BlackElo "2375"]
[Annotator "Blatny,P"]
[PlyCount "53"]
[EventDate "1992.04.??"]
[EventType "tourn"]
[EventRounds "9"]
[EventCountry "ESP"]
[EventCategory "11"]
[SourceTitle "CBM 031"]
[Source "ChessBase"]
[SourceDate "1992.12.01"]
[SourceVersion "1"]
[SourceVersionDate "1992.12.01"]
[SourceQuality "1"]

1. e4 c5 2. Nf3 Nc6 3. d4 cxd4 4. Nxd4 Nf6 5. Nc3 e5 6. Ndb5 d6 7. Bg5 a6 8.
Na3 b5 9. Bxf6 gxf6 10. Nd5 f5 11. Bd3 Be6 12. Qh5 Rg8 (12... Bg7) 13. g3 $1 (
13. f4 Rxg2 (13... Nd4 $5) 14. Ne3 $8 Qa5+ 15. Kf1 Rg7 $13 {Huebner-Sax, Rio
de Janeiro 1979}) (13. c3 {><d4} Bxd5 14. exd5 Ne7 15. g3 $1 e4 16. Be2 h6 17.
f4 $1 $14) 13... Rg4 (13... h6 14. c3 Bxd5 $6 (14... fxe4 15. Bxe4 Bg4 16. Qh4
$1) 15. exd5 Ne7 16. Qd1 $1 e4 17. Be2 Bg7 18. Nc2 Qb6 19. a4 $36 {
Sideif_Zade-Dolmatov, USSR(ch) 1979}) (13... Rg5 $5 14. Qd1 Bxd5 15. exd5 Ne7
16. c3 Bg7 17. h4 Rg6 18. Nc2 e4 $132 {Siedif_Zade-Yurtaev, Dnepropetrovsk 1980
}) (13... Nd4 14. c3 fxe4 15. Bxe4 Bg4 16. Qxh7 Rg7 17. Qh6 Nf3+ 18. Kf1 {/+/=}
) 14. f4 Nd4 15. c3 Bxd5 16. exd5 (16. cxd4 $2 Qa5+ $40) 16... e4 (16... Nf3+
17. Kf2 e4 18. Bxe4 fxe4 19. Qxg4 Qb6+ 20. Kg2 $18) 17. cxd4 {><f5} exd3 18.
Kd2 $1 $16 (18. Qxf5 $6 Qe7+ $40) 18... Qf6 19. Rhe1+ Kd8 20. Kxd3 Bg7 21. Nc2
Rc8 22. Rac1 Rc4 (22... Rxc2 23. Rxc2 Qxd4+ 24. Ke2 Qe4+ 25. Kd1 $18) 23. Ke2
Rg6 {/\Rh6-h2} 24. Kf1 $1 $18 Rg4 $6 (24... Rh6 25. Qe2 $18 {<->e}) (24... Bf8
25. Qe2 Be7 26. Ne3 Rxc1 27. Rxc1 {/\Qc2+-}) 25. Ne3 Rxc1 26. Rxc1 Qxd4 27.
Qxf5 {/\28.Rc8+-} 1-0

[Event "London WFW"]
[Site "London"]
[Date "1991.??.??"]
[Round "?"]
[White "Byrne, Robert Eugene"]
[Black "Conquest, Stuart"]
[Result "0-1"]
[WhiteElo "2465"]
[BlackElo "2460"]
[Annotator "Blatny,P"]
[PlyCount "96"]
[EventDate "1991.05.??"]
[EventType "tourn"]
[EventRounds "13"]
[EventCountry "ENG"]
[EventCategory "11"]
[SourceTitle "CBM 024"]
[Source "ChessBase"]
[SourceDate "1991.10.01"]
[SourceVersion "1"]
[SourceVersionDate "1991.10.01"]
[SourceQuality "1"]

1. e4 c5 2. Nf3 e6 3. d4 cxd4 4. Nxd4 Nf6 5. Nc3 Nc6 6. Ndb5 d6 7. Bf4 e5 8.
Bg5 a6 9. Na3 b5 10. Nd5 Qa5+ 11. Bd2 (11. Qd2 Qxd2+ 12. Bxd2 Nxd5 13. exd5 Ne7
$10) 11... Qd8 12. Nxf6+ (12. Bd3 Nxd5 13. exd5 Ne7 $10) (12. c4 Nxe4 (12...
Nxd5 13. exd5 Nd4 14. cxb5 Be7 15. bxa6 O-O 16. b4 $1 {/\ b5 +/-} Bxa6 17. Bxa6
Rxa6 18. Nc2 Qa8 (18... Nxc2+ 19. Qxc2 Qa8 20. a4 Qxd5 21. O-O $16) 19. Nxd4
exd4 20. a4 Qxd5 21. O-O $16 {Plachetka-Kostic, Austria (chT) 1990}) 13. cxb5
Be6 14. Bc4 (14. Be3 Qa5+ 15. Ke2 axb5 (15... Nd4+ 16. Bxd4 Bxd5 17. Be3 Be6
$13) 16. Bb6 Nd4+ $1 $8 17. Qxd4 $1 $13 {Plachetka-Hanel, Austria (chT) 1990})
14... Ne7 (14... axb5 15. Nxb5 Qh4 16. Be3 $16) 15. Be3 Qa5+ 16. Ke2 Rc8 17.
Rc1 Nxd5 18. Bxd5 Rxc1 19. Bxc1 Qxa3 $1 $16 {Zapata-Ochoa de Echaguyen, Habana
1983}) (12. Bg5 Qa5+ $10) 12... Qxf6 13. Bd3 (13. c4 $6 Qg6 $1 (13... b4 14.
Nc2 Qg6 15. f3 Rb8 16. Ne3 Be7 17. g3 O-O 18. Bg2 Bd8 19. O-O Bb6 20. Kh1 Bc5
21. f4 $14 {Petrushin-Semenyuk USSR 1976}) 14. f3 Be7 15. cxb5 (15. Kf2 $5 O-O
16. cxb5 Nd4 17. Be3 f5 18. Bxd4 fxe4 19. Be3 Bh4+ 20. Ke2 Bb7 $44 {
Georgadze-Klovsky, USSR 1975}) 15... Bh4+ (15... Nd4 16. Be3 O-O 17. Bxd4 exd4
18. Qd2 d5 $1 19. Bd3 Bg5 20. Qe2 dxe4 21. Bxe4 Bf5 22. O-O Be3+ 23. Kh1 Bxe4
24. fxe4 Qxe4 25. Rad1 axb5 26. Nxb5 Rxa2 27. Nxd4 {Anand-Hergott,
Thessaloniki (ol) 1984} Ra4 {=/=/+}) 16. g3 Bxg3+ 17. hxg3 Qxg3+ 18. Ke2 Nd4+
19. Ke3 f5 20. Bc3 (20. exf5 Bxf5 21. Bc4 axb5 22. Nxb5 Ke7 23. Bd3 $2 Bxd3 24.
Kxd3 Nxf3 25. Be3 Qg6+ $40 {Gunsberg-Manevich, Israel 1976}) 20... fxe4 21.
Bxd4 exd4+ 22. Qxd4 Qxf3+ 23. Kd2 Qxh1 24. Qxg7 $13 {Radulov-Cobo, Habana 1969}
) 13... Be7 (13... d5 14. exd5 Nb4 15. Be4 Qh4 16. Qf3 Bg4 17. Qg3 Qxg3 18.
hxg3 f5 19. c3 fxe4 20. cxb4 Rd8 $44 {Smyslov-Kuzmin, USSR}) (13... Qd8 14. c4
b4 15. Nc2 Rb8 16. Ne3 (16. O-O Be7 17. a3 bxa3 18. b4 $1 O-O 19. Rxa3 Bg5 20.
Be1 Qe7 21. Qa1 g6 22. b5 axb5 23. cxb5 Nd8 24. Nb4 Bd7 25. Ra7 $16 {
Ghinda-Quedro, Thessaloniki (ol) 1984}) 16... Be7 17. Nd5 Bg5 $13 {
Gruenfeld-Garcia, Luzern(ol) 1982}) (13... Qg6 14. O-O Be6 (14... Bh3 15. Qf3)
(14... Nd4 15. Kh1 Bb7 16. c3 $6 (16. f3 {/\c4 +/=}) 16... Ne6 17. f3 d5 $1 18.
exd5 Qxd3 19. dxe6 O-O-O $19) 15. c4 bxc4 16. Nxc4 d5 17. Nb6 $1 Rd8 18. Qa4
Bh3 19. g3 Bxf1 20. Rxf1 Bc5 21. exd5 Qd6 22. Nc4 Qxd5 23. Be4 Qxe4 24. Nd6+
$18) 14. c4 Qg6 15. O-O Bg4 {Rodriguez,A} (15... Nd4 16. Kh1 O-O 17. cxb5 d5
18. Re1 Bxa3 19. bxa3 axb5 20. Bc3 $16 {Plachetka}) 16. f3 Bh3 17. Rf2 Bh4 18.
Bf1 $2 (18. Re2 Nd4 19. Kh1 $1 $13) 18... Bxf2+ 19. Kxf2 b4 $17 20. Nc2 Bd7 21.
Nxb4 O-O 22. Nxc6 Bxc6 23. Bd3 a5 24. b3 d5 $1 25. cxd5 Bxd5 26. Be3 Bb7 27.
Bc4 Rfd8 28. Qe1 h6 29. Rc1 Kh7 30. Qc3 Qf6 31. Kg3 Rd6 32. a4 Rad8 33. h3 Ra8
34. b4 axb4 35. Qxb4 Bc6 36. a5 Qg6+ 37. Kh2 Rad8 38. a6 f5 39. exf5 Qxf5 40.
Be2 Ba8 41. a7 Rg6 42. Rc7 e4 43. f4 Rd3 $1 44. Bxd3 exd3 $19 45. g4 Qd5 46.
Qd2 Re6 47. Qb2 Qh1+ 48. Kg3 Rxe3+ 0-1

[Event "Munich SKA"]
[Site "Munich"]
[Date "1991.05.10"]
[Round "6"]
[White "Wahls, Matthias"]
[Black "Polgar, Judit"]
[Result "0-1"]
[WhiteElo "2560"]
[BlackElo "2540"]
[Annotator "Blatny,P"]
[PlyCount "88"]
[EventDate "1991.05.04"]
[EventType "tourn"]
[EventRounds "13"]
[EventCountry "GER"]
[EventCategory "14"]
[SourceTitle "CBM 023"]
[Source "ChessBase"]
[SourceDate "1991.08.01"]
[SourceVersion "1"]
[SourceVersionDate "1991.08.01"]
[SourceQuality "1"]

1. e4 c5 2. Nf3 Nc6 3. d4 cxd4 4. Nxd4 Qb6 5. Nb3 Nf6 6. Nc3 e6 7. Bd3 (7. Be3
Qc7 8. f4 d6 9. Bd3 $14 {Solomon-Davidovic,Sydney 1990}) (7. Qe2 $5 d6 8. g4 a6
9. g5 $36 {Gavrilakis-Cabrilo,Kavala 1990}) 7... a6 8. f4 d5 9. e5 Nd7 10. Qg4
a5 11. a4 $2 Qb4 $1 {/\d4;Ne5} 12. O-O Ncxe5 13. Qe2 Nxd3 14. Qxd3 Nc5 15. Qg3
Nxb3 16. cxb3 Bc5+ 17. Kh1 O-O 18. f5 exf5 19. Nxd5 Qg4 20. Qc7 Qd4 21. Be3
Qxd5 22. Bxc5 Re8 23. b4 Re2 24. Qg3 Be6 25. Rad1 f4 26. Rxd5 fxg3 27. Rg5 axb4
28. Rxg3 b3 29. Bd4 g6 30. h3 h6 31. Bf6 Rxa4 32. Rd3 g5 33. Rd8+ Kh7 34. Rh8+
Kg6 35. Rg8+ Kh5 36. Rd8 g4 37. Rd3 Rae4 38. Kg1 gxh3 39. gxh3 R4e3 40. Rf3
Rxd3 41. Rxd3 Kg6 42. Bc3 Kf5 43. Rd4 b5 44. Kf1 Re3 (44... Re3 45. Kg2 Rxc3)
0-1